000 00530nam a2200193Ia 4500
005 20260114185840.0
008 008 260114s9999 xx 000 0 eng d
020 _a9780755603992
037 _aEBOOK
040 _aCRL
_beng
_cCRL
041 _aeng
_2eng
084 _qCRL
100 _aChris Townsend
_9875159
245 0 _aArt and Death
260 _bBloomsbury
_c2008
856 _uhttps://doi.org/10.5040/9780755603992?locatt=label:secondary_bloomsburyCollections
942 _cEBOOK
999 _c1474093
_d1474093